La Tunisie pour les touristes... - Statistiques

Statistiques générales
  • Ce quiz a été pris 542 fois
  • Le résultat moyen est 11 sur 20
Statistiques - réponses
Question Indice Réponses % Correct
Quelle est la langue officielle ? Arabe
100%
Le principal aéroport est T Tunis
85%
Ce pays est plus grand que la France (oui/non) Non
82%
Dans la capitale quel est le décalage horaire avec Paris ? (+ ou - et chiffre) ex - 10 ou + 3,5 - 1
72%
La religion majoritaire est Islam
72%
Quel pays a assuré le protectorat de celui-ci ? France
70%
Quel est le régime du pays ? R République
67%
Quelles sont les principaux lieux touristiques ? C Ruines de {Carthage}
63%
Quelle est la monnaie ? Dinar tunisien
52%
Achats à faire 3/ Main de Fatma
51%
Achats à faire 4/ Fruits secs Dattes de {Tozeur}
50%
Quelles sont les principaux lieux touristiques ? T Oasis de {Tozeur}
50%
Code sur les plaques minéralogiques TN
50%
Le suffixe internet est tn
50%
Quel est le climat local ? M Méditerranéen
48%
Quelles sont les principaux lieux touristiques ? D Oasis de {Douz}
28%
Quelles sont les principaux lieux touristiques ? S Village de {Sidi Bou Said}
22%
Achats à faire 2/ Tapis de Kairouan
20%
Achats à faire 1/ Eau de Rose
20%
Quelles sont les principaux lieux touristiques ? D Site archéologique de {Dougga}
19%
Aucun quiz correspondant
Distribution des résultats
% des personnes avec chaque résultat
Percentile par nombre de réponses
Votre historique - résultats
Vous n’avez pas pris ce quiz